Sharjah Art Foundation Library

The New World Reader: Thinking and Writing about the Global Community/ (Record no. 6614)

MARC details
000 -LEADER
fixed length control field 00530nam a2200169Ia 4500
001 - CONTROL NUMBER
control field 6614
008 - FIXED-LENGTH DATA ELEMENTS--GENERAL INFORMATION
fixed length control field 260622s9999 xx 000 0 und d
010 ## - LIBRARY OF CONGRESS CONTROL NUMBER
LC control number 2003110132
020 ## - INTERNATIONAL STANDARD BOOK NUMBER
International Standard Book Number 9780618395941
245 #4 - TITLE STATEMENT
Title The New World Reader: Thinking and Writing about the Global Community/
Statement of responsibility, etc. Gilbert H. Muller
260 ## - PUBLICATION, DISTRIBUTION, ETC.
Place of publication, distribution, etc. Boston; NY;
Name of publisher, distributor, etc. Houghton Mifflin Company;
Date of publication, distribution, etc. 2005
300 ## - PHYSICAL DESCRIPTION
Extent 544p;
Dimensions 23x15cm
546 ## - LANGUAGE NOTE
Language note English
650 ## - SUBJECT ADDED ENTRY--TOPICAL TERM
Topical term or geographic name entry element College Readers
9 (RLIN) 9453
650 ## - SUBJECT ADDED ENTRY--TOPICAL TERM
Topical term or geographic name entry element PE1001-3602 English Language- Modern English
9 (RLIN) 9454
942 ## - ADDED ENTRY ELEMENTS (KOHA)
Koha item type Book
Holdings
Withdrawn status Lost status Damaged status Not for loan Collection Home library Current library Date acquired Total Checkouts Full call number Barcode Date last seen Price effective from Koha item type
        Language and Literature SAF Reference Library SAF Reference Library 06/22/2026   PE1001-3602 16 6614 06/22/2026 06/22/2026 Book
        Language and Literature SAF Reference Library SAF Reference Library 06/22/2026   PE1001-3602 16   06/22/2026 06/22/2026 Book

Copyright © 2022. Sharjah Art Foundation. All Rights Reserved.